Sports Quiz

Random Sports or NBA Quiz

NBA who does ESPN think is better? 2019-2020(offseason) Quiz Stats

 Plays Quiz not verified by Sporcle

Support Sporcle.
Go Orange.
Score 0/20 Timer 07:00
0 Plays Today
Question Answer Wrong Answers
Who does ESPN think is better? (Before the season) Evan Fournier
73.7%
Derrick White
22%
Who does ESPN think is better? (Before the season) Demar Derozan
70.3%
Myles Turner
28.8%
Who does ESPN think is better? (Before the season) Jarrett Allen
67.8%
Derrick Favors
28%
Who does ESPN think is better? (Before the season) Al Horford
64.4%
John Collins
32.2%
Who does ESPN think is better? (Before the season) Caris Levert
60.2%
Joe Ingles
36.4%
Who does ESPN think is better? (Before the season) Bradley Beal
56.8%
Blake Griffin
43.2%
Who does ESPN think is better? (Before the season) Domantis Sabonis
55.9%
Eric Bledsoe
39.8%
Who does ESPN think is better? (Before the season) Julius Randle
54.2%
Marcus Smart
41.5%
Who does ESPN think is better? (Before the season) Kyle Lowry
54.2%
Nikola Vucevic
44.9%
Who does ESPN think is better? (Before the season) Kawhi Leonard
50.8%
Lebron James
47.5%
Who does ESPN think is better? (Before the season) Nikola Jokic
50%
Paul George
47.5%
Who does ESPN think is better? (Before the season) Montrezl Harrell
48.3%
Bam Adebayo
47.5%
Who does ESPN think is better? (Before the season) Kyle Kuzma
46.6%
Jusuf Nurkic
49.2%
Who does ESPN think is better? (Before the season) Lonzo Ball
43.2%
Gary Harris
55.9%
Who does ESPN think is better? (Before the season) Jamal Murray
42.4%
Trae Young
56.8%
Who does ESPN think is better? (Before the season) Kristaps Porzingis
41.5%
Zion WIlliamson
57.6%
Who does ESPN think is better? (Before the season) Jaylen Brown
40.7%
Andre Drummond
55.9%
Who does ESPN think is better? (Before the season) JJ Redick
26.3%
Steven Adams
72.9%
Who does ESPN think is better? (Before the season) PJ Tucker
23.7%
Marcus Smart
72%
Who does ESPN think is better? (Before the season) Cj Mcollum
19.5%
Kemba Walker
80.5%

You're not logged in!

Compare scores with friends on all Sporcle quizzes.
OR
Log In

From the Vault

Franchise Partners II

by jrage2009

Who wouldn't want to partner up with this cute guy?
Remove Ads.
Support Sporcle.
Get the best of Sporcle when you Go Orange. This ad-free experience offers more features, more stats, and more fun while also helping to support Sporcle. Thank you for becoming a member.

Show Comments

Extras

Top Quizzes Today


Score Distribution

Your Account Isn't Verified!

In order to create a playlist on Sporcle, you need to verify the email address you used during registration. Go to your Sporcle Settings to finish the process.

Report this User

Report this user for behavior that violates our Community Guidelines.

Details: